000 00892nam a2200265Ia 4500
003 OSt
005 20221005022722.0
006 a|||||r|||| 00| 0
007 ta
008 221004b |||||||| |||| 00| 0 eng d
020 _a9789027226303 (hbk)
_c6892.19
024 _a90846
037 _b26492, 30/10/2008, Segment Book Distributors
_cTextual
040 _aCRL
_cCRL
_beng
041 _2eng
_aeng
082 _aP42:3, P7
100 _aSadler Misumi
_9578528
245 0 _aGrammar in use across time and space
_b Deconstructing the Japanese dative subject construction
260 _aAmsterdam
_bJohn Benjamins Publishing Comapany
_c2007
300 _axiii,213p.
_ccm.
490 _aStudies in discourse and grammar
650 _aLINGUISTICS
942 _hP42:3, P7
_cTEXL
_2cc
999 _c929916
_d929916